书目信息 |
| 题名: |
中国旅游地理
|
|
| 作者: | 王勇 主编 | |
| 分册: | ||
| 出版信息: | 北京 对外经济贸易大学出版社 2006 |
|
| 页数: | 257页 | |
| 开本: | 26cm | |
| 丛书名: | ||
| 单 册: | ||
| 中图分类: | F592.99 | |
| 科图分类: | ||
| 主题词: | 旅游经济--经济地理--中国--高等教育--教材 | |
| 电子资源: | ||
| ISBN: | 7-81078-698-9 | |
| 000 | 00832nam0 2200241 450 | |
| 001 | 012004071865 | |
| 005 | 20070807150240.12 | |
| 010 | @a7-81078-698-9@dCNY27.00 | |
| 100 | @a20060915d2006 em y0chiy0110 ea | |
| 101 | 0 | @achi |
| 102 | @aCN@b110000 | |
| 105 | @ay z 000yy | |
| 106 | @ar | |
| 200 | 1 | @a中国旅游地理@Azhong guo lv you de li@f王勇主编@Fwang yong zhu bian |
| 210 | @a北京@c对外经济贸易大学出版社@d2006 | |
| 215 | @a257页@d26cm | |
| 300 | @a21世纪高职高专新概念(财经类)系列教材 | |
| 330 | @a本书分为总论部分和分区部分两篇,共十六章。每章均包括学习目标、重点难点、个案分析、关键名词、讨论与思考五部分,全面介绍了中国旅游地理知识。 | |
| 606 | 0 | @a旅游经济@x经济地理@y中国@x高等教育@j教材 |
| 690 | @aF592.99@v4 | |
| 701 | 0 | @a王勇@Awang yong@4主编 |
| 801 | 0 | @aCN@b110017@c20070807 |
| 905 | @dF592.99@e218@f4 | |
| 中国旅游地理/王勇主编.-北京:对外经济贸易大学出版社,2006 |
| 257页;26cm |
| 21世纪高职高专新概念(财经类)系列教材 |
| ISBN 7-81078-698-9:CNY27.00 |
| 本书分为总论部分和分区部分两篇,共十六章。每章均包括学习目标、重点难点、个案分析、关键名词、讨论与思考五部分,全面介绍了中国旅游地理知识。 |
| ● |
| 相关链接 |
|
|
|
|
正题名:中国旅游地理
索取号:F592.99/218
 
预约/预借
| 序号 | 登录号 | 条形码 | 馆藏地/架位号 | 状态 | 备注 |
| 1 | 0853347 | 208533470 | 第一样本阅览室/ [索取号:F592.99/218] | 在馆 | |
| 2 | 0853348 | 208533489 | 第一借阅区/ [索取号:F592.99/218] | 在馆 | |
| 3 | 0853349 | 208533498 | 第一借阅区/ [索取号:F592.99/218] | 在馆 | |
| 4 | 0853350 | 208533504 | 第一借阅区/ [索取号:F592.99/218] | 在馆 |